Las arras en la contratacin̤

Detalles Bibliográficos
Formato: Desconocido
Lenguaje:español
Publicado: Barcelona : Jos ̌M® Bosch editor, 1995
Materias:
Acceso en línea:Acceso restringido

MARC

LEADER 00000ny a22000003n 4500
005 20110524151732.0
008 961107s1995 sp s 000 0 spa c
020 |a 8476983654 
035 |a 1197 
040 |a UMA.DER  |d vLex 
080 |a 347 
090 |c 241  |d 241 
100 |4 Alfonso Rodrg̕uez, Mara̕ Elvira 
245 1 4 |a Las arras en la contratacin̤  |h [Recurso electrn̤ico]  |h    |c Mara̕ Elvira Alfonso Rodrg̕uez  |a   
256 |a Servicio en ln̕ea 
260 |a Barcelona :  |b Jos ̌M® Bosch editor,  |c 1995 
300 |a 306 p. ;  |a    |c 24 cm 
504 |a Bibliograf: 299-306 p 
506 1 |a Contenido solo disponible en los productos indicados  |d vLex Global  |d vLex Global (Academic Edition, excluding Law Schools)  |d vLex Global (U.S. Academic Edition, Law Schools)  |d vLex Global (U.S. Academic Edition, excluding Law Schools)  |d vLex Global (Academic Edition, Law Schools) 
650 0 7 |a Contrato de arras  |2 Tesauro vLex 
650 0 7 |a Civil  |2 Tesauro vLex 
650 0 7 |a Arras  |2 Tesauro vLex 
650 0 7 |a Garanta̕s de la obligacin̤  |2 Tesauro vLex 
740 0 |a vLex Libros (Servicios en ln̕ea) 
856 4 0 |u http://vlex.com/source/1197  |z Acceso restringido 
942 |c BOOK  |c BOOK 
999 0 |a Civil Law   |b Spain